| 000 | 01295nam a2200337Ia 4500 | ||
|---|---|---|---|
| 001 | ebr10607471 | ||
| 003 | CaPaEBR | ||
| 006 | m u | ||
| 007 | cr cn||||||||| | ||
| 008 | 120104s2012 txu sb 001 0 eng d | ||
| 010 | _z 2011051776 | ||
| 020 | _z9781602585584 (hardback : alk. paper) | ||
| 020 | _z9781602585799 (ebook) | ||
| 040 |
_aCaPaEBR _cCaPaEBR |
||
| 035 | _a(OCoLC)813285815 | ||
| 050 | 1 | 4 |
_aBV625 _b.J37 2012eb |
| 082 | 0 | 4 |
_a260 _223 |
| 100 | 1 | _aJasper, David. | |
| 245 | 1 | 4 |
_aThe sacred community _h[electronic resource] : _bart, sacrament, and the people of God / _cDavid Jasper. |
| 260 |
_aWaco, Tex. : _bBaylor University Press, _cc2012. |
||
| 300 | _axii, 222 p. | ||
| 504 | _aIncludes bibliographical references and index. | ||
| 533 |
_aElectronic reproduction. _bPalo Alto, Calif. : _cebrary, _d2011. _nAvailable via World Wide Web. _nAccess may be limited to ebrary affiliated libraries. |
||
| 650 | 0 | _aChristianity and the arts. | |
| 650 | 0 |
_aCommunities _xReligious aspects _xChristianity. |
|
| 650 | 0 | _aLiturgics. | |
| 650 | 0 | _aPublic worship. | |
| 655 | 7 |
_aElectronic books. _2local |
|
| 710 | 2 | _aebrary, Inc. | |
| 856 | 4 | 0 |
_uhttp://site.ebrary.com/lib/rucke/Doc?id=10607471 _zAn electronic book accessible through the World Wide Web; click to view |
| 999 |
_c97763 _d97763 |
||